Permasalahan remaja dan kaedah mengatasinya : bahagian 3

Bibliographic Details
Main Author: Fauziah Abd Ralip
Format: Book
Published: KL : Pustaka Segar , 2003
Series:Siri motivasi & kaunseling remaja
Subjects:

MARC

LEADER 00000cam a2200000 7i4500
001 0000035092
005 20130121.0
008 130121
020 |a 9832623014 
090 0 0 |a 305.242   |b FAU 
100 0 |a Fauziah Abd Ralip 
245 1 0 |a Permasalahan remaja dan kaedah mengatasinya :   |b bahagian 3   |c Fauziah Abd Ralip 
260 |a KL :   |b Pustaka Segar ,   |c 2003 
440 |a Siri motivasi & kaunseling remaja 
650 0 |a Adolescence 
650 0 |a Teenagers 
650 0 |a Young adults 
650 0 |a Youth conduct of life 
999 |a 0000835555   |b Book   |c Adult Collection   |e Cawangan Pontian 
999 |a 0000854918   |b Book   |c Adult Collection   |e Cawangan Tmn. Ungku Tun Aminah 
999 |a 0000879765   |b Book   |c Adult Collection   |e Cawangan Muar 
999 |a 0000879767   |b Book   |c Adult Collection   |e Cawangan Mersing 
999 |a 0000950376   |b Book   |c Adult Collection   |e Cawangan Mersing 
999 |a 0001206758   |b Book   |c Adult Collection   |e Perbadanan Perpustakaan Awam Johor 
999 |a 0001206759   |b Book   |c Adult Collection   |e Perbadanan Perpustakaan Awam Johor 
999 |a 0001206763   |b Book   |c Adult Collection   |e Cawangan Muar